000 00322nam a2200109Ia 4500
008 171211s9999 xx 000 0 und d
245 _aSelbstverteidigung. Abwehrtechniken für Sie und für Ihn
245 _cEdwin Deser
260 _c1995
650 _xMartial Arts
856 _uhttp://down.ebook777.com/057/3806808538.pdf
999 _c348193
_d348193